000 00407pab a2200145 454500
008 180718b1984 xxu||||| |||| 00| 0 eng d
100 _aMeleka, Agia Hanna
245 _aThe changing role of multinational cooperations
260 _c1984
300 _a451-70
362 _aDec.
650 _aInternational Business Enterprises
773 _aInternational Journal of Public Administration
909 _a11200
999 _c11200
_d11200